000 00581nam a2200253Ia 4500
005 20260306154355.0
008 008 260114s9999 xx 000 0 eng d
020 _a9781316481752
037 _aEBOOK
040 _aCRL
040 _beng
040 _cCRL
041 _2eng
041 _aeng
084 _qCRL
100 _aShumar
_91127417
245 0 _aInside Mathforum.org
260 _bCambridge University Press
260 _c2017
650 _a Psychology
856 _uhttps://doi.org/10.1017/9781316481752
942 _cEBOOK
999 _c1707275
_d1707275